000 00784nam a22002417a 4500
005 20250701120956.0
008 250701b |||||||| |||| 00| 0 eng d
020 _a978-1-64172-209-4 (pbk)
037 _cTB
040 _aCRL
_cCRL
041 _2eng
_aeng
084 _a2:(D65,8(B)) R3
_qCRL
100 _aCrawford, Floriana
_9814904
245 _aDigital libraries:
_bTheory and practice
260 _aNew York, USA:
_bLarsen & Keller,
_c2023.
300 _aviii, 211p.
365 _b78.90
_cUSD
490 _aTextbook series
650 _aLibrary Science
650 _aDigital Libraries
942 _2CC
_cTB
_h2:(D65,8(B)) R3
_n0
999 _c1433137
_d1433137